[Event "Linklater Mem"]
[Site "San Francisco USA"]
[Date "2001.02.26"]
[Round "1"]
[White "Mulyar,M"]
[Black "Altounian,L"]
[Result "1-0"]
[WhiteElo "2428"]
[BlackElo "2441"]

1.c4 g6 2.e4 Bg7 3.d4 d6 4.Nc3 Nf6 5.Be2 O-O 6.Nf3 e5 7.O-O exd4 8.Nxd4 Re8
9.f3 Nc6 10.Nc2 Be6 11.Be3 Nh5 12.g4 Nf6 13.Qd2 h5 14.g5 Nd7 15.Rad1 Kh7
16.Kh1 a5 17.b3 Nc5 18.Rg1 Be5 19.Nd5 Bxd5 20.cxd5 Nb8 21.Na3 Bg7 22.Nb5 Nbd7
23.Qc2 Be5 24.a3 Nf8 25.b4 axb4 26.axb4 Na6 27.Rb1 Qd7 28.Nd4 Qh3 29.Bf1 Qh4
30.Qd2 f5 31.gxf6 Qxf6 32.f4 Bxd4 33.Bxd4 Qf7 34.Bd3 c5 35.dxc6 bxc6 36.f5 c5
37.Qg5 cxd4 38.fxg6+ Nxg6 39.Rbf1  1-0

[Event "Open"]
[Site "Cappelle la Grande FRA"]
[Date "2001.02.28"]
[Round "6"]
[White "Nielsen,PH"]
[Black "Staniszewski,Pi"]
[Result "1-0"]
[WhiteElo "2585"]
[BlackElo "2443"]

1.d4 Nf6 2.c4 g6 3.Nc3 Bg7 4.e4 O-O 5.Nf3 d6 6.Be2 e5 7.O-O Nbd7 8.Be3 Ng4
9.Bg5 f6 10.Bd2 Nh6 11.dxe5 dxe5 12.b4 c5 13.Na4 Nf7 14.bxc5 Qc7 15.Bb4 Qc6
16.Nc3 Rd8 17.Nd5 Bf8 18.Nd2 a5 19.Bc3 Bxc5 20.Nb3 b6 21.Nxc5 Qxc5 22.Bd2 Bb7
23.Be3 Qd6 24.Rb1 Bxd5 25.cxd5 Nc5 26.Qc2 Ng5 27.f3 Nf7 28.Bb5 Rab8 29.Rfc1 Rdc8
30.h3 Nd8 31.Qf2 Rc7 32.Bf1 Rbc8 33.Qb2 Na4 34.Rxc7 Rxc7 35.Qb3 Rc3 36.Qxa4 Rxe3
37.Qb5 Nf7 38.Qxb6  1-0

[Event "Victor Ciocaltea Mem"]
[Site "Bucharest ROM"]
[Date "2001.03.07"]
[Round "4"]
[White "Ionescu,Co"]
[Black "Nevednichy,V"]
[Result "1/2-1/2"]
[WhiteElo "2504"]
[BlackElo "2563"]

1.d4 Nf6 2.c4 d6 3.Nc3 e5 4.Nf3 Nbd7 5.e4 g6 6.Be2 Bg7 7.O-O O-O 8.Re1 Re8
9.Bf1 a6 10.Rb1 exd4 11.Nxd4 c6 12.Bg5 h6 13.Bh4 Nc5 14.f3 a5 15.Qd2 Qb6
16.Bf2 Nfd7 17.b3 Ne5 18.a3 Qd8 19.Kh1 h5 20.Be3 Qe7 21.b4 axb4 22.axb4 Ne6
23.Nc2  1/2-1/2

[Event "TCh-FIN 00-01"]
[Site "FIN"]
[Date "2001.03.10"]
[Round "8"]
[White "Sorsa,N"]
[Black "Pihlajasalo,H"]
[Result "1/2-1/2"]
[WhiteElo "2245"]
[BlackElo "2236"]

1.Nf3 Nf6 2.c4 g6 3.Nc3 Bg7 4.e4 d6 5.d4 O-O 6.Be2 e5 7.dxe5 dxe5 8.Qxd8 Rxd8
9.Bg5 Rf8 10.O-O c6 11.Rad1 Na6 12.Rd6 Be6 13.Be3 Ng4 14.Bg5 Nf6 15.Bh4 Nc5
16.Ng5 h6 17.Nxe6 Nxe6 18.Rfd1 Rfd8 19.Rxd8+ Rxd8 20.Rxd8+ Nxd8 21.f3 Ne6
22.Bf2 Nd4 23.Bd1 Nd7 24.Na4 Bf8 25.Kf1 Nc5 26.Nxc5 Bxc5 27.Be1 Ne6 28.g3 Kf8
29.Ke2 Ke7 30.Kd3 g5 31.b4 Bg1 32.h3 Bd4 33.Ba4 f6 34.Bb3 c5 35.b5 b6 36.a4 Kd7
37.Bd1 Ke7 38.Bc2 Kd7 39.Bb3 Ke7 40.Bd1 Kd7 41.Ke2 Nd8 42.a5 Nb7 43.a6 Nd6
44.Kd3 Bg1 45.Be2 Kc7 46.Bf1 Kd7 47.h4 gxh4 48.gxh4 Bh2 49.Bh3+ Kc7 50.Be6 Bf4
51.Ke2 Ne8 52.Kf1 Ng7 53.Bf7 Kd6 54.Kg2 Kc7 55.Kh3 Kd6 56.Kg4 Kc7  1/2-1/2

[Event "Belgian Interteams 2000-1"]
[Site "BEL"]
[Date "2001.03.11"]
[Round "10"]
[White "Goormachtigh,J"]
[Black "Beeckmans,F"]
[Result "1-0"]
[WhiteElo "2278"]
[BlackElo "2293"]

1.d4 d6 2.Nf3 Nf6 3.c4 g6 4.Nc3 Bg7 5.e4 O-O 6.Be2 Nbd7 7.O-O e5 8.Be3 c6
9.d5 c5 10.Ne1 h6 11.Qd2 Kh7 12.Rb1 Ne8 13.g4 Ndf6 14.f3 h5 15.Bg5 Qd7 16.h3 Ng8
17.Ng2 Bf6 18.Be3 Qd8 19.b4 cxb4 20.Rxb4 Be7 21.Nb5 b6 22.a4 Ngf6 23.a5 Nd7
24.Ra1 Ba6 25.axb6 axb6 26.Rba4 Bb7 27.Rxa8 Bxa8 28.Qa2 Nc7 29.Nc3 Bb7 30.Qa7 Qa8
31.Qxa8 Nxa8 32.Ra7 Rb8 33.Nb5 hxg4 34.hxg4 Kg7 35.Ne1 Kf8 36.Nd3 Nc5 37.Nb4 Ke8
38.Nc6 Bxc6 39.dxc6 Ne6 40.Rb7 Rc8 41.Na7 Rd8 42.Bd1 g5 43.Ba4 Kf8 44.Kg2 Bf6
45.Bb3 Ke8 46.c5 bxc5 47.Bd2  1-0

[Event "TCh-FIN 00-01"]
[Site "FIN"]
[Date "2001.03.11"]
[Round "9"]
[White "Agopov,M"]
[Black "Sepp,O"]
[Result "1-0"]
[WhiteElo "2354"]
[BlackElo "2448"]

1.Nf3 Nf6 2.c4 g6 3.Nc3 Bg7 4.e4 d6 5.d4 O-O 6.Be2 e5 7.O-O Na6 8.Be3 Ng4
9.Bg5 Qe8 10.h3 h6 11.Bc1 Nf6 12.dxe5 dxe5 13.Be3 b6 14.Qb1 Nd7 15.b4 c5
16.a3 Nc7 17.bxc5 Nxc5 18.Nd5 N5e6 19.Nxc7 Nxc7 20.c5 b5 21.a4 bxa4 22.Qc2 Bb7
23.Rxa4 Bc6 24.Ra5 Ne6 25.Rd1 Qe7 26.Bb5 Rfc8 27.Qa4 Qb7 28.Bxc6 Qxc6 29.Qxc6 Rxc6
30.Rd6 Rac8 31.Rd5 Nf4 32.Nxe5 Bxe5 33.Rxe5 Nd3 34.Rd5 Nb4 35.Rd7 a6 36.Ra4 Nc2
37.Bxh6 Rxc5 38.Rxa6 Nb4 39.Rf6 Kh7 40.Bd2  1-0

[Event "Ivan Zanic Mem"]
[Site "Stara Pazova YUG"]
[Date "2001.03.13"]
[Round "5"]
[White "Zivanic,M"]
[Black "Kosanovic,G"]
[Result "1/2-1/2"]
[WhiteElo "2418"]
[BlackElo "2437"]

1.d4 Nf6 2.c4 g6 3.Nc3 Bg7 4.e4 d6 5.Nf3 O-O 6.Be3 e5 7.Be2 Ng4 8.Bg5 f6
9.Bh4 g5 10.Bg3 Nh6 11.d5 a5 12.O-O Na6 13.a3 Bd7 14.Nd2 f5 15.exf5 Nxf5
16.Nde4 a4 17.Bd3 Nc5 18.Nxc5 dxc5 19.Bc2 Nd6 20.Qh5 Bf5 21.Bxf5 Rxf5 22.Qe2 Qe8
23.f3 b6 24.Rfe1 h5 25.Qd3 Qf7 26.h3 g4 27.fxg4 hxg4 28.h4 Rf8 29.Ne4 Bh6
30.Nxd6 cxd6 31.Re4 Qg6 32.Qe2 Bf4 33.Rf1 Kh7 34.Bxf4 Rxf4 35.Rfxf4 Rxf4
36.Rxf4 exf4 37.Qe7+ Kh6 38.Qf8+ Kh5 39.Qxf4 g3 40.Qf3+ Kxh4 41.Qf4+ Kh5
42.Qf3+ Kh6 43.Qe3+  1/2-1/2

[Event "Open"]
[Site "Bad Woerishofen GER"]
[Date "2001.03.15"]
[Round "1"]
[White "Pircher,K"]
[Black "Simutowe,A"]
[Result "0-1"]
[WhiteElo "2041"]
[BlackElo "2462"]

1.d4 Nf6 2.c4 g6 3.Nc3 Bg7 4.e4 d6 5.Nf3 O-O 6.Be2 e5 7.O-O Na6 8.d5 Nc5
9.Qc2 a5 10.Ne1 Nfd7 11.Nd3 f5 12.f3 f4 13.b3 g5 14.Nf2 Rf6 15.a3 h5 16.Rb1 a4
17.b4 Nb3 18.Bb2 Nd4 19.Qd1 Rg6 20.h3 Nf6 21.Re1 Nxe2+ 22.Qxe2 g4 23.fxg4 hxg4
24.hxg4 Nxg4 25.Nxg4 Bxg4 26.Qf2 Bf6  0-1

[Event "17th Spring Festival"]
[Site "Budapest HUN"]
[Date "2001.03.16"]
[Round "1"]
[White "Vargyas,Z"]
[Black "Rajlich,V"]
[Result "0-1"]
[WhiteElo "2115"]
[BlackElo "2364"]

1.d4 Nf6 2.c4 g6 3.Nc3 Bg7 4.e4 d6 5.Nf3 O-O 6.Be2 e5 7.d5 a5 8.Bg5 h6 9.Bh4 Na6
10.Qc2 Qe8 11.Nd2 Nh7 12.a3 Bd7 13.b3 h5 14.f3 Bh6 15.O-O f5 16.Rae1 Be3+
17.Kh1 f4 18.Nd1 Bc5 19.Qb2 g5 20.Bf2 g4 21.Bh4 Qg6 22.g3 fxg3 23.hxg3 Ng5
24.f4 exf4 25.gxf4 Nxe4 26.Bxg4 Qxg4 27.Rg1 Bxg1 28.Rxg1 Rae8 29.Rxg4+ Bxg4
30.Ne3 Rxf4 31.b4 Nxd2 32.Qxd2 Bf3+ 33.Kh2 Rxh4+ 34.Kg3 Rhe4 35.Nf5 Rg4+
36.Kxf3 Rf8  0-1

[Event "Open"]
[Site "Kazimierz Dolny POL"]
[Date "2001.03.16"]
[Round "7"]
[White "Shishkin,V"]
[Black "Kalinin,O"]
[Result "1/2-1/2"]
[WhiteElo "2485"]
[BlackElo "2386"]

1.d4 Nf6 2.c4 d6 3.Nf3 g6 4.Nc3 Nbd7 5.e4 e5 6.Be2 Bg7 7.O-O O-O 8.Be3 c6
9.d5 c5 10.Ne1 Ne8 11.Nd3 Nb6 12.Qb3 f5  1/2-1/2

[Event "Open"]
[Site "Bad Woerishofen GER"]
[Date "2001.03.17"]
[Round "3"]
[White "Levin,F"]
[Black "Heinig,Wo"]
[Result "1-0"]
[WhiteElo "2531"]
[BlackElo "2302"]

1.d4 Nf6 2.c4 d6 3.Nc3 Nbd7 4.Nf3 g6 5.e4 e5 6.Be2 Bg7 7.O-O O-O 8.Qc2 c6
9.Rd1 Qe7 10.d5 c5 11.Bg5 h6 12.Bd2 Ne8 13.g3 f5 14.Nh4 Qf7 15.exf5 gxf5
16.f4 e4 17.Kh1 Ndf6 18.Rg1 Bd7 19.h3 h5 20.Raf1 a6 21.Nd1 b5 22.b3 Bh6 23.Ne3 Ng7
24.Bc3 b4 25.Bb2 Rae8 26.Qd1 Re7 27.a3 bxa3 28.Bxa3 Rb8 29.Qc2 Bc8 30.Qc3 Reb7
31.Bd1 Bd7 32.Bb2 Rf8 33.Qa5 Bc8 34.Bc3 Qc7 35.Qa1 Qf7 36.Rg2 Kh7 37.Qa5 Ng8
38.b4 cxb4 39.Bxb4 Qe7 40.Ba4 Rc7 41.Bc6 Rf7 42.Qa3 Ne8 43.Ba5 Bf8 44.Rb1  1-0

[Event "17th Spring Festival"]
[Site "Budapest HUN"]
[Date "2001.03.17"]
[Round "2"]
[White "Mate,B"]
[Black "Horvath,Ga1"]
[Result "0-1"]
[WhiteElo "2166"]
[BlackElo "2328"]

1.d4 Nf6 2.Nf3 g6 3.c4 Bg7 4.Nc3 O-O 5.e4 d6 6.Be2 e5 7.dxe5 dxe5 8.Qxd8 Rxd8
9.Bg5 Re8 10.Nd5 Nxd5 11.cxd5 c6 12.dxc6 Nxc6 13.Bb5 Re6 14.O-O h6 15.Bxc6 Rxc6
16.Bd2 f5 17.Bc3 fxe4 18.Nd2 e3 19.fxe3 Bf5 20.e4 Bd7 21.Nf3 Re6 22.Rad1 Bc6
23.Rfe1 Rf8 24.Rd3 Kh7 25.Nd2 g5 26.g3 g4 27.Bb4 Rc8 28.Nb3 b6 29.Rd2 a5
30.Bc3 a4 31.Nc1 Bf8 32.Nd3 Rd8 33.Nb4 Bc5+ 34.Kg2 Rxd2+ 35.Bxd2 Bb7 36.Bc3 Rd6
37.Nc2 Rf6 38.Nb4 Rf2+ 39.Kh1 Bxe4+ 40.Rxe4 Rf1+  0-1

[Event "TCh-SVK"]
[Site "SVK"]
[Date "2001.03.17"]
[Round "10"]
[White "Dovzik,J"]
[Black "Hagara,E"]
[Result "1-0"]
[WhiteElo "2386"]
[BlackElo "2373"]

1.d4 Nf6 2.c4 d6 3.Nc3 Nbd7 4.e4 e5 5.Nf3 g6 6.Be2 Bg7 7.O-O O-O 8.dxe5 dxe5
9.Qc2 c6 10.b3 Re8 11.Rd1 Nh5 12.g3 Bf8 13.Na4 Ng7 14.Bb2 Qc7 15.c5 Ne6 16.b4 b6
17.cxb6 axb6 18.a3 b5 19.Nc3 Qb6 20.Na2 Bg7 21.Rd6 Qb8 22.Rd2 c5 23.bxc5 Ndxc5
24.Nb4 Bb7 25.Nd5 Bc6 26.Bc3 b4 27.Bxb4 Ba4 28.Qa2 Nb3 29.Bd6 Qa7 30.Bxe5 Nxd2
31.Qxd2 Rad8 32.Bxg7 Nxg7 33.Nf6+ Kf8 34.Nxh7+ Ke7 35.Qb4+  1-0

[Event "TCh-SVK"]
[Site "SVK"]
[Date "2001.03.17"]
[Round "10"]
[White "Mrva,Mart"]
[Black "Balogh,T"]
[Result "1-0"]
[WhiteElo "2468"]
[BlackElo "2421"]

1.d4 Nf6 2.Nf3 g6 3.c4 Bg7 4.Nc3 O-O 5.e4 d6 6.Be2 e5 7.d5 a5 8.Be3 Ng4 9.Bg5 f6
10.Bh4 Na6 11.O-O Qe8 12.Ne1 f5 13.Bxg4 fxg4 14.Bg5 h6 15.Be3 g5 16.Nd3 Qg6
17.a3 Rf4 18.b4 Rxe4 19.Nxe4 Qxe4 20.Rc1 Qg6 21.Qd2 Bf5 22.Nb2 Be4 23.c5 axb4
24.axb4 dxc5 25.b5 Nb4 26.Rxc5 b6 27.Rxc7 Nxd5 28.Rc6 Qf7 29.Nc4 Nf4 30.Nd6 Qd5
31.Qxd5+ Bxd5 32.Rc8+ Rxc8 33.Nxc8 Bxg2 34.Rd1 Bf3 35.Rd8+ Kh7 36.Bxf4 exf4
37.Nxb6 Be2 38.Rd5 Bf3 39.Rd2 Bc3 40.Rd3 Bb4 41.Nc4  1-0

[Event "TCh-SVK"]
[Site "SVK"]
[Date "2001.03.17"]
[Round "10"]
[White "Mokos,J"]
[Black "Packa,L"]
[Result "1/2-1/2"]
[WhiteElo "2181"]
[BlackElo "2214"]

1.d4 Nf6 2.Nf3 g6 3.c4 Bg7 4.Nc3 O-O 5.e4 d6 6.Be2 e5 7.d5 Nh5 8.g3 Nd7 9.Bg5 f6
10.Be3 Rf7 11.Nh4 f5 12.Bxh5 f4 13.Bg4 fxe3 14.Be6 exf2+ 15.Kf1 Nf6 16.Bxf7+ Kxf7
17.h3 c6 18.Qf3 Kg8 19.Qxf2 Bd7 20.Qe3 Nh5  1/2-1/2

[Event "Open"]
[Site "Bad Woerishofen GER"]
[Date "2001.03.19"]
[Round "5"]
[White "Vossenkuhl,J"]
[Black "Zunker,R"]
[Result "1-0"]
[WhiteElo "2147"]
[BlackElo "2234"]

1.d4 Nf6 2.c4 g6 3.Nc3 Bg7 4.e4 d6 5.Nf3 O-O 6.Be2 c6 7.O-O e5 8.Re1 Nbd7
9.Bf1 Nh5 10.d5 c5 11.a3 Kh8 12.b4 a6 13.Rb1 f5 14.Ng5 Ndf6 15.Ne6 Bxe6 16.dxe6 Re8
17.exf5 gxf5 18.Be2 Nf4 19.Bxf4 exf4 20.Bf3 Ng4 21.Nd5 Nxf2 22.e7 Rxe7 23.Kxf2 Bd4+
24.Kf1 Re5 25.bxc5 Bxc5 26.Nxf4 Qh4 27.Nd3 Rxe1+ 28.Qxe1 Qxc4 29.Be2 Re8
30.Nxc5 Qxc5 31.Rxb7 Qxa3 32.Rxh7+ Kxh7 33.Qh4+ Kg7 34.Qg5+  1-0

[Event "17th Spring Festival"]
[Site "Budapest HUN"]
[Date "2001.03.19"]
[Round "4"]
[White "Mate,B"]
[Black "Mikrut,D"]
[Result "1/2-1/2"]
[WhiteElo "2166"]
[BlackElo "2300"]

1.d4 Nf6 2.Nf3 g6 3.c4 Bg7 4.Nc3 O-O 5.e4 d6 6.Be2 Nbd7 7.O-O e5 8.dxe5 dxe5
9.Qc2 c6 10.h3 Qe7 11.b3 Re8 12.Rd1 Nh5 13.g3 Nf8 14.Kh2 Ne6 15.Be3 Rf8 16.Qd2 Rd8
17.Qe1 Nd4 18.Rac1 Bf6 19.Ng1 Ng7 20.Bf1 Nge6 21.Bg2 Bg5 22.Nf3 Bxe3 23.Qxe3 Nxf3+
24.Bxf3 Nd4 25.Bg2 Be6 26.Ne2 Nxe2 27.Qxe2 a5 28.Rxd8+ Rxd8 29.Rd1 Rd7 30.h4 Qd8
31.Rxd7 Qxd7 32.Qe1 a4 33.Qa5 axb3 34.axb3 f6 35.Qb6  1/2-1/2

[Event "ch-BUL Women"]
[Site "Plovdiv BUL"]
[Date "2001.03.21"]
[Round "2"]
[White "Chilingirova,P"]
[Black "Voiska,M"]
[Result "1/2-1/2"]
[WhiteElo "2206"]
[BlackElo "2305"]

1.d4 Nf6 2.c4 g6 3.Nf3 Bg7 4.Nc3 O-O 5.e4 d6 6.Be2 e5 7.O-O Nbd7 8.Re1 c6
9.d5 cxd5 10.cxd5 Nc5  1/2-1/2

[Event "TCh-ROM"]
[Site "Sovata ROM"]
[Date "2001.03.21"]
[Round "1"]
[White "Grigore,G"]
[Black "Nevednichy,V"]
[Result "1/2-1/2"]
[WhiteElo "2483"]
[BlackElo "2563"]

1.d4 d6 2.Nf3 g6 3.c4 Bg7 4.Nc3 Nf6 5.e4 O-O 6.Be2 Nbd7 7.O-O e5 8.Re1 Re8
9.Bf1 a6 10.d5 a5 11.Rb1 Nc5 12.b3 Bd7 13.Nd2 Nh5 14.g3 Bh6 15.a3 f5 16.exf5 Bxf5
17.Nde4 Nxe4 18.Nxe4 Bxc1 19.Rxc1 b6 20.Bg2 Rf8 21.Qd2 Bxe4 22.Rxe4 Qd7 23.Re2 Ng7
24.Rce1 Rf7 25.Rf1 Raf8 26.Qd3 Rf6 27.Re4 Qc8 28.Qe2 Qd7 29.Qd3 Qf7 30.f3 Qd7
31.Qe2 R6f7 32.Qd3 Qc8 33.Qd2 Rf6 34.Qd3 R8f7 35.Qe2 Qd7 36.Qd3 Rf8 37.Qe2 R6f7
38.Qd3  1/2-1/2

[Event "Belgian Interteams 2000-1"]
[Site "BEL"]
[Date "2001.03.25"]
[Round "11"]
[White "Beeckmans,F"]
[Black "Ahn,M"]
[Result "1/2-1/2"]
[WhiteElo "2293"]
[BlackElo "2347"]

1.c4 g6 2.Nc3 Bg7 3.d4 Nf6 4.e4 d6 5.Be2 O-O 6.Nf3 e5 7.d5 Na6 8.Bg5 h6 9.Bh4 g5
10.Bg3 Nxe4 11.Nxe4 f5 12.Nc3 f4 13.Nd2 Nc5 14.Nde4 Bf5 15.Bd3 Qe8 16.Nxc5 e4
17.N5xe4 Bxc3+ 18.bxc3 Bxe4 19.O-O  1/2-1/2

[Event "Belgian Interteams 2000-1"]
[Site "BEL"]
[Date "2001.03.25"]
[Round "11"]
[White "Goossens,E"]
[Black "Van Mechelen,J"]
[Result "1/2-1/2"]
[WhiteElo "2192"]
[BlackElo "2235"]

1.d4 Nf6 2.Nf3 g6 3.c4 Bg7 4.Nc3 O-O 5.e4 d6 6.Be2 e5 7.d5 a5 8.Bg5 h6 9.Bh4 Na6
10.Nd2 Qe8 11.O-O Bd7 12.Kh1 Nh7 13.a3 a4 14.Nb5 h5 15.f3 Bh6 16.Bf2 Kh8
17.b4 Rg8 18.Ra2 f5 19.exf5 gxf5 20.Rg1 Nf6 21.Qxa4 Bg5 22.Qb3 Rg7 23.Qc3 Nxd5
24.cxd5 Bxb5 25.Bd1 Ba4 26.Bc2 Bxc2 27.Qxc2 Qb5 28.Qxf5 Qxd5 29.Rc2 Bxd2
30.Rd1 Qf7 31.Qxf7 Rxf7 32.Rdxd2 Nb8 33.Rc3 Rd7 34.f4 exf4 35.Rd5 Kg7 36.Rxh5 d5
37.Bd4+ Kg6 38.Rh8 Kf5 39.Re8 Nc6 40.Rxa8 Nxd4 41.Re8 Ne6 42.Kg1 d4 43.Rc1 d3
44.Kf2 c5 45.bxc5 d2 46.Rd1 Nxc5  1/2-1/2

[Event "Open"]
[Site "Bled SLO"]
[Date "2001.03.25"]
[Round "2"]
[White "Wells,P"]
[Black "Hanko,P"]
[Result "1/2-1/2"]
[WhiteElo "2522"]
[BlackElo "2234"]

1.d4 Nf6 2.c4 g6 3.Nc3 Bg7 4.e4 d6 5.Nf3 O-O 6.Be2 e5 7.O-O Nbd7 8.Be3 Ng4
9.Bg5 f6 10.Bd2 c6 11.d5 Qe7 12.b4 a5 13.dxc6 bxc6 14.b5 Bb7 15.bxc6 Bxc6
16.Nd5 Bxd5 17.cxd5 Nc5 18.Ne1 Nh6 19.f3 Nf7 20.Nd3 Nxd3 21.Bxd3 Bh6 22.Bxh6 Nxh6
23.Qd2 Nf7 24.Bb5 Rfc8 25.Bc6 Qa7+ 26.Kh1 Rab8 27.a4 Rb4 28.Rfc1 Qd4 29.Qe1 Kg7
30.Bb5 Rc5 31.Rxc5 dxc5 32.Rd1 Qb2 33.Rc1 Qd4 34.Rd1 Qb2 35.Rc1 Qd4 36.Rd1 Qb2  1/2-1/2

[Event "Open"]
[Site "Bled SLO"]
[Date "2001.03.25"]
[Round "2"]
[White "Sitnik,I"]
[Black "Ciglic,B"]
[Result "1-0"]
[WhiteElo "2277"]
[BlackElo "2136"]

1.d4 Nf6 2.c4 g6 3.Nc3 Bg7 4.e4 d6 5.Nf3 O-O 6.Be2 e5 7.O-O exd4 8.Nxd4 Nc6
9.Be3 Re8 10.f3 Nh5 11.Qd2 Nf4 12.Rf2 Nxe2+ 13.Ncxe2 Ne5 14.b3 a6 15.Rd1 f5
16.Nc3 c5 17.Nc2 Nf7 18.exf5 Bxf5 19.Bf4 b5 20.Ne4 Bxe4 21.fxe4 bxc4 22.bxc4 Ra7
23.Qd5 Be5 24.Rdf1 Bxf4 25.Rxf4 Re5 26.Qd3 Ng5 27.Ne3 Rf7 28.Ng4 Rxf4 29.Rxf4 Ne6
30.Rf1 h5  1-0

[Event "Tch-NED"]
[Site "NED"]
[Date "2001.03.25"]
[Round "8"]
[White "Chuchelov,V"]
[Black "Schebler,G"]
[Result "1-0"]
[WhiteElo "2539"]
[BlackElo "2496"]

1.Nf3 Nf6 2.c4 g6 3.Nc3 Bg7 4.e4 d6 5.d4 O-O 6.Be2 e5 7.O-O exd4 8.Nxd4 Re8
9.f3 Nh5 10.Be3 f5 11.Qd2 f4 12.Bf2 Be5 13.Rfd1 c6 14.b4 Qf6 15.Rab1 Na6
16.Qc2 Nc7 17.c5 dxc5 18.bxc5 Kh8 19.Na4 Rd8 20.Nb3 Rxd1+ 21.Rxd1 Ne6 22.Qd2 g5
23.Na5 Bc7 24.Nc4 Qg6 25.Nd6 Nf6 26.Qb2 Bxd6 27.Rxd6 Kg8 28.Bc4 Ne8 29.Rd8 Kf7
30.Nc3 Ke7 31.Rd1 Rb8 32.Nd5+ Kf8 33.Qh8+ Qg8 34.Qe5 Ra8 35.Nc7 N8xc7 36.Rd8+ Nxd8
37.Bxg8 Kxg8 38.Qxg5+ Kf7 39.Qxf4+  1-0

[Event "TCh-ROM"]
[Site "Sovata ROM"]
[Date "2001.03.25"]
[Round "5"]
[White "Volkov,S"]
[Black "Badea,B"]
[Result "1-0"]
[WhiteElo "2564"]
[BlackElo "2460"]

1.d4 g6 2.c4 Bg7 3.Nc3 d6 4.Nf3 Nd7 5.e4 e5 6.Be2 Ngf6 7.O-O O-O 8.Be3 Ng4
9.Bg5 f6 10.Bd2 Nh6 11.Qc2 Re8 12.Rad1 c6 13.b4 Nf7 14.Be3 Bh6 15.c5 dxc5
16.dxe5 Bxe3 17.Bc4 Bh6 18.e6 Rxe6 19.Bxe6 Qe7 20.Bxf7+ Kxf7 21.b5 Nf8 22.bxc6 bxc6
23.e5 f5 24.Rd6 Be6 25.Rxc6 Rd8 26.Nb5 Bd5 27.Rc7 Rd7 28.e6+ Qxe6 29.Re1 Be4
30.Qxc5 Kg8 31.Rxd7 Qxd7 32.Nd6 Bxf3 33.gxf3 Bg5 34.Qd5+ Kg7 35.Rb1  1-0

[Event "TCh-ROM"]
[Site "Sovata ROM"]
[Date "2001.03.25"]
[Round "5"]
[White "Itkis,B"]
[Black "Grigore,G"]
[Result "0-1"]
[WhiteElo "2416"]
[BlackElo "2483"]

1.d4 Nf6 2.c4 g6 3.Nc3 Bg7 4.e4 d6 5.Be2 O-O 6.Nf3 e5 7.O-O exd4 8.Nxd4 Re8
9.f3 Nh5 10.g4 Nf6 11.Be3 h5 12.g5 Nh7 13.f4 Bh3 14.Rf3 Bg4 15.Rg3 c5 16.Ndb5 Bxe2
17.Nxe2 Rxe4 18.Nxd6 Re7 19.Bxc5 Na6 20.Bf2 Rxe2 21.Qxe2 Qxd6 22.f5 gxf5
23.Qxh5 f4 24.Rd1 Qe7 25.Re1 Qc7 26.Rb3 b6 27.g6 Nf6 28.gxf7+ Qxf7 29.Qxf7+ Kxf7
30.Re5 Nc7 31.c5 Nfd5 32.Re4 b5 33.a4 a6 34.Kg2 Bf6 35.Bd4 Rg8+ 36.Kf3 Ne6
37.Rxe6 Kxe6 38.Bxf6 bxa4 39.Ra3 Kxf6 40.Rxa4 Re8 41.Rxa6+ Kf5 42.c6 Re3+
43.Kf2 Rb3 44.Ra5 Rxb2+ 45.Kf3 Rb3+ 46.Kf2 Ke6 47.Rc5 Kd6 48.Rc4 Kc7 49.Rc5 Ne7
50.h4 Nxc6 51.Rc4 f3 52.h5 Kd6 53.h6 Ne5 54.Rh4 Rb2+ 55.Kf1 Kc6 56.h7 Nd3
57.Kg1 Rg2+ 58.Kf1 Rf2+ 59.Kg1 Rg2+ 60.Kf1 Rc2 61.Kg1 f2+ 62.Kg2 Rc1 63.Rc4+ Rxc4
64.h8=Q Rg4+ 65.Kh2 f1=N+ 66.Kh3 Nf2+  0-1

[Event "Asian Candidates"]
[Site "Tehran IRI"]
[Date "2001.03.25"]
[Round "1"]
[White "Ghane,S"]
[Black "Aryanejad,H"]
[Result "1-0"]
[WhiteElo "2368"]
[BlackElo "2290"]

1.d4 Nf6 2.c4 g6 3.Nc3 Bg7 4.e4 d6 5.Be2 O-O 6.Nf3 e5 7.O-O c6 8.Qc2 exd4
9.Nxd4 Ng4 10.Bxg4 Bxg4 11.Be3 c5 12.Nde2 Nc6 13.Rad1 Bxe2 14.Qxe2 Qe7 15.Qd2 Bxc3
16.Qxc3 f6 17.f3 Rad8 18.Rf2 Rd7 19.b3 b6 20.Bc1 Ne5 21.Bb2 g5 22.Rfd2 h6
23.Rd5 Rfd8 24.Qe1 Qe6 25.Qg3 Kh7 26.Kf2 Rg8 27.Rh1 Rg6 28.Rhd1 h5 29.h4 Rdg7
30.Rxd6  1-0

[Event "Asian Candidates"]
[Site "Tehran IRI"]
[Date "2001.03.25"]
[Round "2"]
[White "Ghorbani,M"]
[Black "Darban,M"]
[Result "0-1"]
[WhiteElo "2315"]
[BlackElo "2302"]

1.d4 Nf6 2.c4 g6 3.Nc3 Bg7 4.e4 d6 5.Be2 O-O 6.Nf3 e5 7.Be3 Qe7 8.d5 Ng4
9.Bg5 f6 10.Bh4 h5 11.Nd2 a5 12.h3 Nh6 13.g4 hxg4 14.hxg4 Nf7 15.Qc2 Na6
16.O-O-O Bh6 17.Kb1 Kg7 18.Rdg1 Rh8 19.Bg3 Bd7 20.Nf1 Nc5 21.f3 Rh7 22.Rh2 Rah8
23.Rgh1 Bf4 24.Rxh7+ Rxh7 25.Rxh7+ Kxh7 26.Nd1 b6 27.Bf2 Qf8 28.Nc3 Qh6 29.a3 Qh1
30.b4 axb4 31.axb4 Na6 32.Qb3 Qg2 33.Nd1 Ng5 34.c5 Nh3 35.Bxa6 Nxf2 36.Qc2 Qxf3
37.Nxf2 Bxg4 38.cxd6 cxd6 39.Nxg4 Qxg4  0-1

[Event "Open"]
[Site "Bled SLO"]
[Date "2001.03.26"]
[Round "3"]
[White "Ciglic,B"]
[Black "Zufic,M"]
[Result "0-1"]
[WhiteElo "2136"]
[BlackElo "2240"]

1.Nf3 Nf6 2.c4 g6 3.Nc3 Bg7 4.d4 O-O 5.e4 d6 6.Be2 e5 7.d5 a5 8.Bg5 h6 9.Bc1 Na6
10.O-O Nc5 11.Qc2 Ne8 12.g3 Bh3 13.Re1 Kh7 14.Nh4 Bf6 15.Ng2 h5 16.Be3 h4
17.f3 hxg3 18.hxg3 Kg7 19.Qd2 Rh8 20.Kf2 Qd7 21.Rh1 Be7 22.Rh2 Nf6 23.Rah1 Bxg2
24.Bh6+ Kg8 25.Kxg2 a4 26.Bd1 Rh7 27.Bg5 Nh5 28.Bc2 Kg7 29.Be3 Rah8 30.Ne2 Bf6
31.Nc3 Kg8 32.Qd1 Qe7 33.Bf2 Bg5 34.Nxa4 Nxa4 35.Bxa4 Bf4  0-1

[Event "TCh-CHN Men"]
[Site "Suzhou, Jiangsu CHN"]
[Date "2001.03.28"]
[Round "3"]
[White "Liang Chong"]
[Black "Cai Lu"]
[Result "1-0"]
[WhiteElo "2581"]
[BlackElo "2285"]

1.d4 Nf6 2.c4 g6 3.Nc3 Bg7 4.e4 d6 5.Nf3 O-O 6.Be2 e5 7.d5 a5 8.Bg5 h6 9.Bh4 Na6
10.Nd2 Nc5 11.g4 c6 12.f3 Rb8 13.a3 Na6 14.Rb1 Qe8 15.Bf2 Nd7 16.O-O f5 17.Kh1 Qe7
18.gxf5 gxf5 19.Rg1 Nf6 20.Bd3 Nh5 21.Ne2 Nc5 22.Bxc5 dxc5 23.exf5 cxd5 24.cxd5 b5
25.Qc2 c4 26.Be4 a4 27.Rg2 Bd7 28.Rbg1 Kh8 29.Nf1 Bf6 30.Rg6 Bg7 31.d6 Qd8
32.Nfg3 Nf6 33.Rxg7 Kxg7 34.Nh5+ Kh8 35.Qd2 Ng8 36.Rxg8+ Kxg8 37.Qxh6  1-0

[Event "Asian Candidates"]
[Site "Tehran IRI"]
[Date "2001.03.28"]
[Round "7"]
[White "Ghorbani,M"]
[Black "Moradiabadi,E"]
[Result "1/2-1/2"]
[WhiteElo "2315"]
[BlackElo "2303"]

1.d4 Nf6 2.Nf3 g6 3.c4 Bg7 4.Nc3 O-O 5.e4 d6 6.Be2 Nbd7 7.O-O e5 8.Be3 exd4
9.Nxd4 Re8 10.f3 Nc5 11.Qd2 Ne6 12.Nc2 b6 13.Rfd1 Bb7 14.Bf1 Nd7 15.Rac1 Ne5
16.Nd5 Nc6 17.b3 h5 18.Rb1 Kh7 19.b4 Rb8 20.a3 h4 21.h3 Kg8 22.Qf2 g5 23.Qd2 Ne5
24.Nd4 Nxd4 25.Bxd4 Bxd5 26.cxd5 Qf6 27.Rb3 Re7 28.Kh1 Qg6 29.Qc2 Rf8 30.Rc3 f5
31.exf5 Qxf5 32.Rxc7 Qxc2 33.Rxc2 Ng6 34.Bxg7 Kxg7 35.Rc6 Rf6 36.Kg1 Nf4
37.Kf2 Kf8 38.Rd2 Ng6 39.Ba6 Ne5 40.Rc3 Rf4 41.Kg1 Kg7 42.Rdc2 Rff7 43.Bc8 Kf6
44.Be6 Rf8 45.Rc7 Rfe8 46.R7c3 Ng6 47.Rc6 Rd8 48.Rc7 Rde8 49.Bd7 Rf8 50.Bb5 Rff7
51.R7c6 Ke5 52.Re2+ Kxd5 53.Rd2+ Ke5 54.Rcxd6 Nf4 55.Bc6 Rf6 56.Rxf6 Kxf6
57.Kf2 Re6 58.Be4 Re7 59.Bc6 Re6 60.Bb5 a5 61.Bf1 Ke5 62.bxa5 bxa5 63.Rb2 Rd6
64.a4 Rd4 65.g3 hxg3+ 66.Kxg3 Rd1 67.Rb5+ Kf6 68.Kf2 Rd5 69.Kg3 Rd1 70.Kf2 Rd5
71.Rb6+ Ke5 72.Ra6 Rc5 73.Bb5 Kd4 74.Rd6+ Ke5 75.Rh6 Kd4 76.h4 Rc2+ 77.Kg1 gxh4
78.Rxh4 Ke3 79.Rh6 Kxf3 80.Rc6 Rxc6 81.Bxc6+ Ke2 82.Bb5+ Kd2 83.Kf2 Nd5 84.Bc6 Nb6
85.Bb5 Nd5 86.Bc6  1/2-1/2

[Event "ch-BUL Women"]
[Site "Plovdiv BUL"]
[Date "2001.03.29"]
[Round "10"]
[White "Plachkinova,T"]
[Black "Chilingirova,P"]
[Result "0-1"]
[WhiteElo "2211"]
[BlackElo "2206"]

1.d4 d6 2.Nf3 g6 3.c4 Bg7 4.Nc3 Nf6 5.e4 O-O 6.Be2 e5 7.O-O Nbd7 8.Qc2 exd4
9.Nxd4 Re8 10.Rd1 Nc5 11.f3 a5 12.Be3 Nfd7 13.Qd2 Nf8 14.Kh1 Nfe6 15.Ndb5 Bd7
16.Rab1 Bc6 17.Nd5 Be5 18.Bf2 Bxd5 19.cxd5 Nf4 20.Bf1 Qe7 21.Na3 g5 22.Nc4 b6
23.Ne3 Qf6 24.Ng4 Qg7 25.Nxe5 Qxe5 26.Bd4 Qe7 27.b3 Ng6 28.a3 h6 29.b4 axb4
30.axb4 Nd7 31.Bb5 Red8 32.Rdc1 Nde5 33.Qc3 Ra7 34.g3 Rda8 35.Rb3 g4 36.fxg4 Nxg4
37.Qf3 Qg5 38.Rf1 N6e5 39.Qd1 Ra2 40.Rb2 Rxb2 41.Bxb2 Qe3  0-1

[Event "ch-UKR Women"]
[Site "Kramatorsk UKR"]
[Date "2001.04.05"]
[Round "10"]
[White "Alexandrova,O"]
[Black "Dolzhikova,O"]
[Result "1/2-1/2"]
[WhiteElo "2425"]
[BlackElo "2198"]

1.d4 Nf6 2.c4 g6 3.Nc3 Bg7 4.e4 d6 5.Be2 O-O 6.Nf3 e5 7.Be3 c6 8.Qd2 exd4
9.Nxd4 Re8 10.f3 d5 11.exd5 cxd5 12.O-O Nc6 13.Rad1 Nxd4 14.Bxd4 dxc4 15.Bxc4 Be6
16.Bb5 Rf8 17.Qf2 Qa5 18.Qh4 Nh5 19.Bxg7 Kxg7 20.Qd4+ Kg8 21.b4  1/2-1/2